000 00508nam a2200181Ia 4500
005 20250923144518.0
008 008 250917s9999 xx 000 0 eng d
037 _aTextual
040 _aDSWL
_beng
_cDSWL
041 _aeng
_2eng
084 _qDSWL
100 _aNanavatty, M.C.
_9825631
245 0 _aTraining in social education
_cby M.C. Nanavatty
260 _aDelhi
_bIndian Social Education Association
_c1953
300 _aiv,104p.
942 _cTEXL
999 _c1439849
_d1439849